2024-25 Ohio St Football Starting Roster - Statistics

General Stats
  • This quiz has been taken 26 times
  • The average score is 17 of 31
Answer Stats
# Year Pos. Answer % Correct
4 FR WR Jeremiah Smith
100%
18 SR QB Will Howard
100%
17 SO WR Carnell Tate
88%
1 JR RB Quinshon Judkins
88%
32 SR RB TreVeyon Henderson
88%
2 SR WR Emeka Egbuka
81%
33 SR DE Jack Sawyer
81%
2 SO FS Caleb Downs
75%
6 JR LB Sonny Styles
75%
10 SR CB Denzel Burke
63%
88 SR TE Gee Scott Jr.
63%
91 SR DT Tyleik Williams
63%
11 SO PR Brandon Inniss
56%
0 SR LB Cody Simon
56%
74 SR LT/LG Donovan Jackson
56%
1 JR CB Davison Igbinosun
50%
38 JR K Jayden Fielding
50%
7 SR NB Jordan Hancock
50%
8 SR SS Lathan Ransom
50%
44 SR DE JT Tuimoloau
44%
75 JR LG/C Carson Hinzman
38%
70 SR RT Josh Fryar
38%
71 SR LT Josh Simmons
38%
56 SR C Seth McLaughlin
38%
77 JR RG Tegra Tshabola
38%
9 SR KR Jayden Ballard
31%
51 SO LG Luke Montgomery
31%
58 SR DT Ty Hamilton
31%
89 SR TE Will Kacmarek
31%
67 SO RG Austin Siereveld
25%
42 SO PT Joe McGuire
25%
No matching quizzes found
Score Distribution
Percent of People with Each Score
Percentile by Number Answered
Your Score History
You have not taken this quiz